Statistics for Fifa 17 Bundesliga Tots

Click here to take the quiz!

General Stats

  • This quiz has been taken 110 times
  • The average score is 9 of 24

Answer Stats

HintAnswer% Correct
GK 97Manuel Neuer
100%
ST 98Robert Lewandowski
91%
CB 94Mats Hummels
82%
RB 94Philipp Lahm
77%
RM 95Arjen Robben
74%
ST 95Pierre-Emerick Aubameyang
66%
CM 95Thiago
53%
CB 89Niklas Sule
42%
ST 89Timo Werner
35%
RM 91Ousmane Dembele
30%
RB 91Lukasz Piszczek
25%
LM 90Emil Forsberg
23%
CM 92Naby Keita
22%
ST 91Anthony Modeste
21%
GK 88Oliver Baumann
21%
CF 91Lars Stindl
18%
ST 88Max Kruse
14%
LM 87Sead Kolasinac
12%
LM 87Raphael Guerreiro
11%
CB 87Willi Orban
11%
LM 87Vincenzo Grifo
9%
RW 88Christian Pulisic
8%
LB 88Marvin Plattenhardt
8%
CAM 88Marco Fabian
7%

Score Distribution

Percentile by Number Answered

Percent of People with Each Score

Your Score History

You have not taken this quiz